[Event "AUTO-INT-3944"]
[Site "http://www.queenalice.com/game.php?id=1862979"]
[Date "2025.9.13"]
[Round "1"]
[White "nuzera"]
[Black "Rocio"]
[Result "0-1"]
[WhiteElo "1411"]
[BlackElo "1486"]

1. e4 e5 2. d4 Nc6 3. d5 Nb4 4. Qh5 Nf6 5. Qxe5+ Be7 6. Bd3 d6 7. Qc3 a5 8. Bb5+
Bd7 9. Qc4 O-O 10. a3 Na6 11. Bxa6 bxa6 12. f3 Rb8 13. Qxa6 h6 14. Qxa5 Ra8 15.
Qd2 c6 16. b4 cxd5 17. exd5 Nh5 18. Ne2 Rc8 19. a4 Bg5 20. f4 Bh4+ 21. g3 Bf6
22. Ra3 Re8 23. b5 Rc5 24. h3 Be7 25. g4 Nf6 26. Nec3 Qa5 27. Ne4 Qxd2+ 28.
Nbxd2 Rxd5 29. Nxf6+ Bxf6+ 30. Kd1 Rc5 31. b6 Rb8 32. Rb3 Bxa4 33. Rb4 Bxc2+ 34.
Ke2 Re8+ 35. Kf2 Bh4+ 36. Kg2 Re2+ 37. Kf3 Bd3 0-1

[Event "AUTO-INT-3954"]
[Site "http://www.queenalice.com/game.php?id=1866708"]
[Date "2025.12.7"]
[Round "1"]
[White "kuntakinte"]
[Black "Rocio"]
[Result "1-0"]
[WhiteElo "1700"]
[BlackElo "1512"]

1. e4 e5 2. Bc4 Qe7 3. Nf3 Nc6 4. O-O h6 5. Nc3 Nf6 6. Re1 d6 7. d3 Ng4 8. Nd5
Qd7 9. a3 a6 10. a4 Ne7 11. Ne3 h5 12. Nd5 Ng6 13. d4 c6 14. Nb6 Qe7 15. Nxa8
Nf4 16. Bxf4 exf4 17. Nb6 Be6 18. d5 cxd5 19. exd5 Qc7 20. dxe6 fxe6 21. a5 d5
22. Rxe6+ Be7 23. Bxd5 Kf7 24. Rc6+ Ke8 25. Rxc7 Nf6 26. Be6 g5 27. Rc8+ Bd8 28.
Qxd8# 1-0

[Event "AUTO-INT-3954"]
[Site "http://www.queenalice.com/game.php?id=1866722"]
[Date "2025.12.7"]
[Round "1"]
[White "Carlos19"]
[Black "Rocio"]
[Result "0-1"]
[WhiteElo "1696"]
[BlackElo "1488"]

1. e4 e5 2. Nf3 Bb4 3. Nxe5 Qe7 4. Nd3 Ba5 5. Qf3 Nh6 6. a3 Bb6 7. Nf4 d6 8. Nd5
Qe6 9. Nxb6 axb6 10. b3 Ng4 11. d3 h6 12. c4 Nd7 13. h3 Nge5 14. Qg3 Nc5 15. d4
Nxb3 16. Qxb3 Bd7 17. dxe5 Qxe5 18. Bb2 Qe6 19. Bxg7 Rg8 20. Bxh6 Qxh6 21. Nc3
Qf6 22. Nd5 Qxa1+ 23. Qd1 Qe5 24. Nxc7+ Kd8 25. Nxa8 Qc3+ 26. Qd2 Qa1+ 27. Ke2
Qxa3 28. Nxb6 Be6 29. g4 Qc5 30. Na8 Bxc4+ 31. Kd1 Bb3+ 32. Ke1 Ke7 33. f4 Rxa8
34. Bg2 Ra2 35. Qe3 Qxe3+ 36. Kf1 Bc4# 0-1

[Event "AUTO-INT-3954"]
[Site "http://www.queenalice.com/game.php?id=1866723"]
[Date "2025.12.7"]
[Round "1"]
[White "Rocio"]
[Black "Carlos19"]
[Result "0-1"]
[WhiteElo "1496"]
[BlackElo "1706"]

1. e4 e5 2. Nf3 Nc6 3. Bb5 Bd6 4. d3 a6 5. Bxc6 dxc6 6. Bg5 Nf6 7. Nc3 h6 8.
Bxf6 Qxf6 9. Qe2 Bg4 10. O-O-O Bb4 11. Nb1 Bxf3 12. gxf3 O-O 13. a3 Bd6 14. Nd2
b5 15. f4 Qxf4 16. Kb1 b4 17. axb4 Bxb4 18. Rhg1 Qxh2 19. Rh1 Qf4 20. Nb3 a5 21.
Rh3 a4 22. Rf3 Qg5 23. Nc1 Rfb8 24. Na2 a3 25. bxa3 Bxa3+ 26. Ka1 Bb2+ 27. Kb1
Qe7 28. c3 Bxc3+ 29. Kc2 Rb2+ 30. Kxc3 Qa3+ 31. Kc4 Rxe2 32. Nb4 f6 33. Rg3 Rc2+
34. Nxc2 Ra4+ 35. Nb4 Qxb4# 0-1

[Event "AUTO-INT-3954"]
[Site "http://www.queenalice.com/game.php?id=1866733"]
[Date "2025.12.7"]
[Round "1"]
[White "JoseMessias"]
[Black "Rocio"]
[Result "1-0"]
[WhiteElo "1617"]
[BlackElo "1504"]

1. e4 e5 2. Bc4 Bc5 3. Qf3 Nh6 4. d3 f6 5. Bxh6 gxh6 6. Qf5 Rf8 7. Qxh7 d5 8.
Bxd5 Be7 9. Qg6+ Kd7 10. Nc3 c6 11. Bb3 Kc7 12. Qxh6 Rh8 13. Qd2 Rg8 14. g3 Bg4
15. Bxg8 Qxg8 16. f3 Be6 17. Na4 Na6 18. O-O-O Bb4 19. c3 Ba5 20. b4 Bb6 21. c4
Bxg1 22. Rhxg1 Rd8 23. b5 cxb5 24. cxb5 Nb8 25. b6+ axb6 26. Qc3+ Nc6 27. Qb2
Nd4 28. Qc3+ Nc6 29. Qc5 Kd7 30. Qxb6 Ke7 31. Qxb7+ Bd7 32. Rg2 Qxa2 33. Rxa2
Na5 34. Qb4+ Ke8 35. Qxa5 Rc8+ 36. Kd2 Be6 37. Rc2 Rd8 38. Qb5+ Bd7 39. Qc4 Ra8
40. Qg8+ Ke7 41. Qxa8 Ke6 42. Nc5+ Kd6 43. Nxd7 Kxd7 44. Qc8+ Ke7 45. Ra1 Kf7
46. f4 Kg6 47. Qg8+ Kh5 48. h3 exf4 49. Ra5+ Kh6 50. g4 f3 51. Rh5# 1-0